| 000 | 00361nam a2200133Ia 4500 | ||
|---|---|---|---|
| 008 | 230907s9999||||xx |||||||||||||| ||und|| | ||
| 082 |
_a550 _bMON |
||
| 100 |
_aMonroe, James S. _940212 |
||
| 245 | 4 | _aThe changing Earth : | |
| 260 |
_aBrooks/Cole, Cengage Learning, _bBelmont, CA : _c2009 |
||
| 300 | _axv, 735 p. : | ||
| 650 |
_aTextbooks. _98511 |
||
| 942 | _cBK | ||
| 999 |
_c599934 _d599934 |
||